[Event "PRO League Group Stage"]
[Site "chess.com INT"]
[Date "2020.02.12"]
[Round "6"]
[White "Rodshtein, Maxim"]
[Black "Kozak, Adam"]
[Result "1/2-1/2"]
[WhiteTitle "GM"]
[BlackTitle "IM"]
[WhiteElo "2628"]
[BlackElo "2523"]
[WhiteTeam "Israel Counsellors"]
[BlackTeam "Hungary Hunters"]
[WhiteFideId "2806851"]
[BlackFideId "753246"]
[EventDate "2020.01.06"]

1. c4 e6 2. Nf3 Nf6 3. e3 b6 4. b3 Bb7 5. Bb2 Be7 6. Nc3 O-O 7. d4 d5 8. Bd3
Nbd7 9. O-O a6 10. Rc1 Bd6 11. Qe2 dxc4 12. bxc4 c5 13. Rfd1 Qc7 14. h3 Rac8 15.
a4 Rfe8 16. d5 exd5 17. Nxd5 Nxd5 18. cxd5 Ra8 19. Ng5 h6 20. Bh7+ Kf8 21. Ne4
Bh2+ 22. Kh1 Be5 23. Bf5 g6 24. Bxd7 Qxd7 25. Nf6 Bxf6 26. Bxf6 Bxd5 27. f3 Qe6
28. Ba1 Bb3 29. Re1 Bxa4 30. e4 f6 31. f4 Bc6 32. f5 Qxe4 33. Qd2 Qxg2+ 34. Qxg2
Bxg2+ 35. Kxg2 gxf5 36. Bxf6 Kf7 37. Bc3 Rxe1 38. Rxe1 Re8 39. Ra1 Re3 40. Be1
a5 41. Kf2 Rb3 42. Bd2 Ke6 43. h4 h5 44. Ke2 Ke5 45. Kd1 c4 46. Kc2 f4 47. Bc3+
Kf5 48. Ra4 b5 49. Rxa5 Kg4 50. Be1 Re3 51. Bc3 f3 52. Rxb5 f2 53. Rb1 Kf3 54.
Rf1 Kg2 55. Rxf2+ Kxf2 56. Bd4 Kf3 57. Bxe3 Kxe3 58. Kc3 Kf4 59. Kxc4 Kg4 60.
Kd3 Kxh4 61. Ke2 Kg3 62. Kf1 h4 63. Kg1 1/2-1/2

[Event "PRO League Group Stage"]
[Site "chess.com INT"]
[Date "2020.02.12"]
[Round "6"]
[White "Banusz, Tamas"]
[Black "Fridman, Daniel"]
[Result "1-0"]
[WhiteTitle "GM"]
[BlackTitle "GM"]
[WhiteElo "2620"]
[BlackElo "2622"]
[WhiteTeam "Hungary Hunters"]
[BlackTeam "Israel Counsellors"]
[WhiteFideId "722413"]
[BlackFideId "11600454"]
[EventDate "2020.01.06"]

1. d4 d5 2. Nf3 Nf6 3. g3 e6 4. Bg2 c5 5. O-O Nc6 6. c4 dxc4 7. dxc5 Qxd1 8.
Rxd1 Bxc5 9. Nbd2 c3 10. bxc3 O-O 11. Nb3 Be7 12. Nfd4 Bd7 13. Nxc6 Bxc6 14.
Bxc6 bxc6 15. c4 a5 16. Bf4 a4 17. Nd4 Rfc8 18. f3 Bc5 19. Kf1 Ra7 20. Rab1 Nd7
21. Be3 g6 22. Nc2 Bxe3 23. Nxe3 Nc5 24. Ke1 h5 25. Kd2 Kf8 26. Kc3 Ke7 27. Nc2
a3 28. Kd4 Na4 29. Rd3 Nb2 30. Rxa3 Rd7+ 31. Kc5 Rb8 32. Nb4 Nxc4 33. Kxc4 Kf6
34. Rab3 Ra8 35. R1b2 Ra4 36. Kc5 Rd1 37. Nxc6 Rh1 38. e4 g5 39. Kb5 Ra8 40. a4
Rc1 41. a5 Rc8 42. e5+ Kg7 43. Na7 Rd8 44. Kb6 Rb8+ 45. Ka6 Rd8 46. Rb6 Rd7 47.
Nc6 Rc5 48. R2b5 Rc2 49. Nb4 Rxh2 50. Rb7 Rd8 51. Rc5 Rf2 52. Rc3 h4 53. gxh4
gxh4 54. Nc6 Rc8 55. Rb8 Rc7 56. Kb6 Rd7 57. a6 h3 58. f4 h2 59. Rg3+ Kh7 60.
Rh3+ Kg6 61. a7 Rb2+ 62. Kc5 Rc2+ 63. Kb6 Rb2+ 64. Ka6 Ra2+ 65. Na5 Rd5 66. Rb5
Rd8 67. Kb7 Kf5 68. a8=Q Rxa8 69. Kxa8 Kxf4 70. Kb7 Kg4 71. Rh7 Kg3 72. Nc4 Re2
73. Rb3+ Kg2 74. Rb2 Rxb2+ 75. Nxb2 h1=Q 76. Rxh1 Kxh1 77. Kc7 Kg2 78. Kd7 Kf3
79. Ke7 Ke4 80. Nc4 Kd5 81. Kxf7 Kxc4 82. Kxe6 1-0

[Event "PRO League Group Stage"]
[Site "chess.com INT"]
[Date "2020.02.12"]
[Round "6"]
[White "Predojevic, Borki"]
[Black "Postny, Evgeny"]
[Result "1/2-1/2"]
[WhiteTitle "GM"]
[BlackTitle "GM"]
[WhiteElo "2609"]
[BlackElo "2608"]
[WhiteTeam "Hungary Hunters"]
[BlackTeam "Israel Counsellors"]
[WhiteFideId "930849"]
[BlackFideId "2804344"]
[EventDate "2020.01.06"]

1. e4 e5 2. Nf3 Nc6 3. Bb5 a6 4. Ba4 Nf6 5. O-O Be7 6. d3 d6 7. c4 Bg4 8. h3
Bxf3 9. Qxf3 Nd7 10. Bxc6 bxc6 11. Nc3 Bg5 12. Qg3 Bxc1 13. Raxc1 O-O 14. b4 f5
15. exf5 Rxf5 16. a4 Rb8 17. Rb1 Nf6 18. Ne2 d5 19. Qe3 d4 20. Qd2 h6 21. Ng3
Rg5 22. Rfe1 Qd7 23. Kh2 Rf8 24. b5 cxb5 25. axb5 axb5 26. Rxb5 Qd6 27. Qb4 Qxb4
28. Rxb4 Nh5 29. Nxh5 Rxh5 30. f3 Ra8 31. Rb5 Ra3 32. Rbxe5 Rxe5 33. Rxe5 Rxd3
34. Rc5 Rc3 35. Rxc7 d3 36. Kg3 d2 37. Rd7 Rxc4 38. Rxd2 Kf7 39. Rd5 Kf6 40. h4
Ra4 41. h5 Rb4 42. Ra5 Rc4 43. Kh3 Rb4 44. g3 Rc4 45. f4 Rb4 46. Kh4 Rc4 47. Ra8
Kf7 48. Ra7+ Kf6 49. Ra8 Kf7 50. Kg4 Rc3 51. Ra7+ Kf6 52. Ra6+ Kf7 53. Rg6 Ra3
54. Kh4 Ra4 55. Kh3 Rb4 56. f5 Rb5 57. g4 Rb3+ 58. Kg2 Rb2+ 59. Kf3 Rb3+ 60. Kf4
Rb4+ 61. Kg3 Rb3+ 62. Kh4 Rf3 63. Ra6 Rb3 64. Ra2 Rc3 65. Rh2 Ra3 66. Rh3 Ra4
67. Re3 Rb4 68. Kg3 Ra4 69. Kf3 Rb4 70. Re4 Rb3+ 71. Kf4 Rb5 72. Ra4 Rc5 73.
Ra7+ Kf6 74. Ra6+ Kf7 75. Rg6 Rc4+ 76. Ke3 Ra4 1/2-1/2

[Event "PRO League Group Stage"]
[Site "chess.com INT"]
[Date "2020.02.12"]
[Round "6"]
[White "Andriasian, Zaven"]
[Black "Plat, Vojtech"]
[Result "1-0"]
[WhiteTitle "GM"]
[BlackTitle "GM"]
[WhiteElo "2611"]
[BlackElo "2589"]
[WhiteTeam "Armenia Eagles"]
[BlackTeam "Croatia Bulldogs"]
[WhiteFideId "13302000"]
[BlackFideId "325740"]
[EventDate "2020.01.06"]

1. e4 d6 2. d4 Nf6 3. Nc3 e5 4. Nf3 exd4 5. Nxd4 Be7 6. g3 O-O 7. Bg2 c5 8. Nde2
Nc6 9. O-O Re8 10. h3 Rb8 11. Nf4 b5 12. Ncd5 Nxd5 13. Nxd5 Bf8 14. Bf4 Be6 15.
Re1 b4 16. Qd2 Nd4 17. c3 bxc3 18. bxc3 Nc6 19. Rad1 Ne5 20. Qc2 Qa5 21. Bxe5
dxe5 22. Rd2 c4 23. Rdd1 Bc5 24. Kh2 h5 25. f4 Bxd5 26. Rxd5 exf4 27. gxf4 Qa3
28. Re2 h4 29. e5 Rb6 30. Rd7 Be7 31. Bd5 Rd8 32. Qf5 Rf8 33. e6 g6 34. Rg2 Kg7
35. Qe5+ Bf6 36. Qc7 Kh8 37. Rxf7 Rxf7 38. Qxf7 Qe7 39. Qxg6 Bg7 40. Be4 Kg8 41.
Rg5 Rb2+ 42. Kh1 Re2 43. Qh7+ Kf8 44. Rf5+ Ke8 45. Qh5+ Kd8 46. Qxe2 1-0

[Event "PRO League Group Stage"]
[Site "chess.com INT"]
[Date "2020.02.12"]
[Round "6"]
[White "Maghsoodloo, Parham"]
[Black "Saric, Ante"]
[Result "1-0"]
[WhiteTitle "GM"]
[BlackTitle "GM"]
[WhiteElo "2674"]
[BlackElo "2559"]
[WhiteTeam "Armenia Eagles"]
[BlackTeam "Croatia Bulldogs"]
[WhiteFideId "12539929"]
[BlackFideId "14506254"]
[EventDate "2020.01.06"]

1. e4 c5 2. Nc3 g6 3. f4 Bg7 4. Nf3 d6 5. Bc4 Nc6 6. O-O e6 7. f5 exf5 8. d3
Nge7 9. Qe1 Ne5 10. exf5 Nxc4 11. f6 Bxf6 12. Nd5 Bxb2 13. Bg5 f6 14. Bxf6 Bxf6
15. Nxf6+ Kf7 16. Nxh7 Rxh7 17. Ng5+ Kg8 18. Nxh7 Kxh7 19. Rf7+ Kg8 20. Rxe7 Ne5
21. Qh4 Nf7 22. Qf6 Qf8 23. Qxg6+ 1-0

[Event "PRO League Group Stage"]
[Site "chess.com INT"]
[Date "2020.02.12"]
[Round "6"]
[White "Le, Tuan Minh"]
[Black "Sargsyan, Shant"]
[Result "1/2-1/2"]
[WhiteTitle "IM"]
[BlackTitle "GM"]
[WhiteElo "2501"]
[BlackElo "2601"]
[WhiteTeam "Croatia Bulldogs"]
[BlackTeam "Armenia Eagles"]
[WhiteFideId "12401153"]
[BlackFideId "13306766"]
[EventDate "2020.01.06"]

1. d4 Nf6 2. Nf3 d5 3. Bf4 e6 4. e3 Bd6 5. Bg3 O-O 6. Nbd2 c5 7. c3 Qc7 8. Bd3
Nbd7 9. O-O Bxg3 10. hxg3 e5 11. dxe5 Nxe5 12. Nxe5 Qxe5 13. Re1 Bg4 14. Qa4 c4
15. Be2 Rfe8 16. Rad1 h5 17. Nf3 Qe7 18. Nd4 a6 19. Bf3 Rad8 20. Ne2 Bxf3 21.
gxf3 Nd7 22. Kg2 Ne5 23. Qc2 Qf6 24. Nd4 g6 25. Rh1 Kg7 26. Rh4 Nd3 27. Rxd3
cxd3 28. Qxd3 Qe5 29. Ne2 Rh8 30. a4 a5 31. Rh1 b6 1/2-1/2

[Event "PRO League Group Stage"]
[Site "chess.com INT"]
[Date "2020.02.12"]
[Round "6"]
[White "Livaic, Leon"]
[Black "Martirosyan, Haik M."]
[Result "1/2-1/2"]
[WhiteTitle "IM"]
[BlackTitle "GM"]
[WhiteElo "2495"]
[BlackElo "2613"]
[WhiteTeam "Croatia Bulldogs"]
[BlackTeam "Armenia Eagles"]
[WhiteFideId "14531534"]
[BlackFideId "13306553"]
[EventDate "2020.01.06"]

1. d4 Nf6 2. c4 e6 3. Nf3 b6 4. Bf4 Bb7 5. e3 g6 6. Nc3 Bg7 7. h3 O-O 8. Be2 d6
9. O-O Nbd7 10. Bh2 Re8 11. b4 a5 12. a3 e5 13. d5 Qe7 14. Qc2 c6 15. dxc6 Bxc6
16. e4 Nh5 17. Rfd1 Nf4 18. Bf1 Ne6 19. Nd5 Bxd5 20. exd5 Ng5 21. Nxg5 Qxg5 22.
c5 bxc5 23. Bb5 Qd8 24. Bc6 Ra7 25. bxc5 dxc5 26. Rac1 e4 27. Bxd7 Rxd7 28. Qxc5
Be5 29. Qb5 e3 30. fxe3 Bxh2+ 31. Kxh2 Rxe3 32. Rc5 Rd6 33. Rc6 Qe7 34. Qb8+ Rd8
35. Rc8 Rxc8 36. Qxc8+ Kg7 37. Qb8 Re2 38. Qg3 Re3 39. d6 Rxg3 40. dxe7 Re3 41.
Rd5 a4 42. Rd4 Rxe7 43. Rxa4 Re3 44. Kg1 g5 45. Kf2 Rb3 46. Rg4 h6 47. a4 Ra3
48. Rb4 Kg6 49. Kg1 h5 50. Kh2 f6 51. Kg1 Kf5 52. Kh2 Ke5 53. Rb5+ Kf4 54. Rb4+
Kf5 55. Rb5+ Kg6 56. Rb4 Ra2 57. Kg1 h4 58. Rc4 Kf5 59. Rb4 Ke5 60. Rc4 f5 61.
Rb4 Kf6 62. Rb6+ Kg7 63. Rb4 Kg6 64. Kh2 Kh5 65. Kg1 g4 66. hxg4+ fxg4 67. Rb5+
Kg6 68. a5 g3 69. Rb1 Rxa5 70. Rc1 Kf5 71. Rb1 Ra4 72. Rc1 Ke4 73. Rb1 Kd3 74.
Rc1 Rc4 75. Rd1+ Ke2 76. Ra1 Kd2 77. Rf1 Rc2 78. Ra1 Ke2 79. Rb1 Rd2 80. Ra1 Rd3
81. Ra2+ Ke3 82. Ra1 Kf4 83. Rf1+ Kg4 84. Ra1 Rd4 85. Rb1 Rc4 86. Ra1 h3 87.
gxh3+ Kxh3 88. Rb1 Rc2 89. Ra1 Rg2+ 90. Kh1 Rb2 91. Kg1 Rg2+ 92. Kh1 Rf2 93. Kg1
Rf3 94. Rb1 Ra3 95. Rc1 Kg4 96. Rb1 Kf3 97. Rf1+ Kg4 98. Rb1 Kh3 99. Rc1 Re3
100. Rb1 g2 101. Rc1 Kg3 102. Rc3 Rf3 103. Rc1 Rd3 104. Rc3 Rxc3 1/2-1/2

[Event "PRO League Group Stage"]
[Site "chess.com INT"]
[Date "2020.02.12"]
[Round "6"]
[White "Yu, Yangyi"]
[Black "Can, Emre"]
[Result "1/2-1/2"]
[WhiteTitle "GM"]
[BlackTitle "GM"]
[WhiteElo "2726"]
[BlackElo "2600"]
[WhiteTeam "China Pandas"]
[BlackTeam "Turkey Knights"]
[WhiteFideId "8603820"]
[BlackFideId "6302181"]
[EventDate "2020.01.06"]

1. e4 c5 2. Nf3 d6 3. d4 cxd4 4. Nxd4 Nf6 5. Nc3 g6 6. Be3 Bg7 7. f3 O-O 8. Qd2
Nc6 9. Bc4 Bd7 10. O-O-O Rc8 11. Be2 Nxd4 12. Bxd4 Qa5 13. Kb1 Be6 14. a3 a6 15.
g4 b5 16. g5 Nd7 17. Nd5 Qd8 18. Bxg7 Kxg7 19. Qd4+ Kg8 20. Ne3 Qb6 21. f4 Qxd4
22. Rxd4 f6 23. f5 gxf5 24. exf5 Bf7 25. h4 Rc5 26. Rg1 fxg5 27. hxg5 Re5 28.
Rg3 Nc5 29. Bd3 Be8 30. Rd5 Nxd3 31. cxd3 Bd7 32. Rxe5 dxe5 33. Rf3 Kg7 34. Kc2
h6 35. gxh6+ Kxh6 36. Kd2 Kg5 37. Rg3+ Kf4 38. Rg4+ Kf3 39. Rg7 Bxf5 40. Rxe7
Bxd3 41. Kxd3 Rd8+ 42. Kc3 Rc8+ 43. Kd3 Rd8+ 44. Kc3 Rc8+ 45. Kb4 Kxe3 46. Rxe5+
Kd4 47. Rh5 Rc4+ 48. Kb3 Rc5 49. Rh4+ Kd5 50. Kb4 Rc2 51. b3 Kc6 52. Ka5 Ra2 53.
Rh6+ Kc7 54. Rh7+ Kc6 55. a4 bxa4 56. bxa4 Ra1 57. Rg7 Ra2 58. Rg6+ Kc7 59. Rxa6
Rb2 60. Rh6 Rc2 61. Rh7+ Kb8 62. Kb6 Rb2+ 63. Ka6 Rb1 64. a5 Rb2 65. Rh8+ Kc7
66. Ka7 Rb5 67. a6 Rb1 68. Rh2 Rb3 69. Rc2+ Kd7 70. Rc5 Rb1 71. Ka8 Rb2 72. Rh5
Kc8 73. Rh8+ Kc7 74. Rh7+ Kc8 75. Rg7 Rb8+ 76. Ka7 Rb1 77. Rb7 Ra1 78. Rb6 Kc7
79. Rb7+ Kc8 80. Rb5 Rc1 81. Rb6 Rc2 82. Ka8 Kc7 83. Rh6 Rb2 84. Rh8 Rb1 85. Ka7
Rb2 86. Rh1 Rb3 87. Rh7+ Kc8 88. Rb7 Ra3 89. Rb4 Rc3 90. Rb5 Kc7 91. Rb2 Rc1 92.
Rb7+ Kc8 93. Rb4 Kc7 94. Ka8 Ra1 95. Rb7+ Kc8 96. Rb6 Kc7 97. Ka7 Rc1 98. Rb2
Rc3 99. Rb7+ Kc8 100. Rb2 Kc7 101. Rb5 Rc1 102. Rh5 Rb1 103. Rh8 Rb2 104. Rh1
Rb3 105. Rc1+ Kd7 106. Rc5 Rb2 107. Rc4 Rb1 108. Rc3 Rb2 109. Ka8 Rb1 110. Rh3
Kc7 111. Rh7+ Kc8 112. Rb7 Rc1 113. Ka7 Rc2 114. Kb6 Rb2+ 115. Ka7 Rc2 116. Rh7
Rb2 117. Rh8+ 1/2-1/2

[Event "PRO League Group Stage"]
[Site "chess.com INT"]
[Date "2020.02.12"]
[Round "6"]
[White "Solak, Dragan"]
[Black "Zhao, Jun"]
[Result "1-0"]
[WhiteTitle "GM"]
[BlackTitle "GM"]
[WhiteElo "2594"]
[BlackElo "2638"]
[WhiteTeam "Turkey Knights"]
[BlackTeam "China Pandas"]
[WhiteFideId "916811"]
[BlackFideId "8602522"]
[EventDate "2020.01.06"]

1. e4 e6 2. d4 d5 3. exd5 exd5 4. Bd3 Bd6 5. Ne2 Nf6 6. Bf4 Bg4 7. Bxd6 Qxd6 8.
c3 Nbd7 9. O-O O-O 10. Qc2 Bxe2 11. Bxe2 Rfe8 12. h3 Re7 13. Bd3 Rae8 14. Nd2 c6
15. Rad1 g6 16. Qc1 Nh5 17. Rfe1 Nf4 18. Bf1 Qf6 19. Rxe7 Rxe7 20. Re1 Rxe1 21.
Qxe1 Qe6 22. Qe3 Qf5 23. Kh2 Ne6 24. g3 Qc2 25. h4 Nf6 26. Bh3 Nf8 27. g4 Qxb2
28. h5 Qxa2 29. h6 Ne4 30. Nxe4 dxe4 31. g5 Qa3 32. Qxe4 Qd6+ 33. f4 a5 34. c4
a4 35. c5 Qc7 36. d5 cxd5 37. Qd4 Ne6 38. Bxe6 fxe6 39. Qxa4 Kf7 40. Qd4 Kg8 41.
Kg3 Qf7 42. Qe5 Qe7 43. Kg4 Qf7 44. Kg3 Qe7 45. Qb8+ Kf7 46. Qh8 Qxc5 47. Qxh7+
Kf8 48. Qg7+ Ke8 49. Qxg6+ Ke7 50. Qg7+ Ke8 51. Qg6+ Ke7 52. Qf6+ Kd7 53. Qf7+
Kd8 54. Kg4 Qg1+ 55. Kh5 Qh1+ 56. Kg6 Qe4+ 57. Kg7 1-0

[Event "PRO League Group Stage"]
[Site "chess.com INT"]
[Date "2020.02.12"]
[Round "6"]
[White "Dastan, Muhammed Batuhan"]
[Black "Li, Chao b"]
[Result "0-1"]
[WhiteTitle "GM"]
[BlackTitle "GM"]
[WhiteElo "2572"]
[BlackElo "2683"]
[WhiteTeam "Turkey Knights"]
[BlackTeam "China Pandas"]
[WhiteFideId "6300014"]
[BlackFideId "8604436"]
[EventDate "2020.01.06"]

1. d4 Nf6 2. c4 g6 3. Nc3 d5 4. Nf3 Bg7 5. Qb3 dxc4 6. Qxc4 O-O 7. e4 Nfd7 8.
Be3 Nb6 9. Qb3 Bg4 10. O-O-O a5 11. a3 a4 12. Qc2 Nc6 13. d5 Na5 14. h3 Bxf3 15.
gxf3 Nbc4 16. Nxa4 b5 17. Nc3 Qb8 18. Bc5 c6 19. dxc6 Nxc6 20. Bxc4 bxc4 21. Nd5
Qb7 22. Rhe1 Rfb8 23. Re2 Ra5 24. Bb4 Nxb4 25. axb4 Ra1+ 26. Kd2 Rxd1+ 27. Kxd1
e6 28. Ne3 Qxb4 29. Nxc4 Ra8 30. Rd2 Bh6 31. Ne3 Qb5 32. Qd3 Qh5 33. Ke2 Qxh3
34. b4 Qh1 35. Rd1 Qh2 36. b5 Bf4 37. b6 h5 38. b7 Rb8 39. Qd7 Kg7 40. Qe7 Bg3
41. Rf1 Bc7 42. Rb1 Bd6 43. Qd7 Bg3 44. Rf1 Bc7 45. Rb1 Qe5 46. Rb5 Qc3 47. Rb1
h4 48. Qd3 Qxd3+ 49. Kxd3 h3 50. Nc4 h2 51. e5 Rxb7 52. Rh1 Rb3+ 53. Ke4 Rc3 54.
Ne3 f5+ 55. exf6+ Kxf6 56. Ng4+ Kg7 57. Nxh2 Rc4+ 58. Kd3 Rh4 59. Re1 Rxh2 60.
Rxe6 Bd8 61. Ke3 Bh4 62. Ra6 Bxf2+ 63. Kf4 Rh4+ 64. Kg5 Rh5+ 65. Kg4 Kh6 66. Ra8
Rh4# 0-1

[Event "PRO League Group Stage"]
[Site "chess.com INT"]
[Date "2020.02.12"]
[Round "6"]
[White "Predojevic, Borki"]
[Black "Eljanov, Pavel"]
[Result "1-0"]
[WhiteTitle "GM"]
[BlackTitle "GM"]
[WhiteElo "2609"]
[BlackElo "2650"]
[WhiteTeam "Hungary Hunters"]
[BlackTeam "Israel Counsellors"]
[WhiteFideId "930849"]
[BlackFideId "14102951"]
[EventDate "2020.01.06"]

1. e4 c6 2. d4 d5 3. exd5 cxd5 4. Bd3 Nf6 5. h3 Nc6 6. c3 g6 7. Nf3 Bf5 8. Be2
Qc7 9. Nbd2 e6 10. O-O g5 11. Ne5 Nxe5 12. dxe5 Nd7 13. Nf3 h6 14. Nd4 Bg6 15.
Bh5 Rg8 16. f4 gxf4 17. Bxf4 Bc5 18. Kh2 Bxd4 19. cxd4 Bxh5 20. Qxh5 Qc2 21. Qf3
h5 22. Rac1 Qe4 23. Rc7 Qxd4 24. Qxh5 Qxb2 25. Bg3 Rf8 26. Rxf7 Rxf7 27. Rxd7
Kxd7 28. Qxf7+ Kc6 29. Qxe6+ Kc5 30. Qd6+ Kc4 31. e6 Qb5 32. e7 Re8 33. Bf2 Qc6
34. Qe5 b6 35. Qb2 Qd6+ 36. Kh1 d4 37. Qb3+ Kc5 38. Qa3+ Kc6 39. Qa4+ b5 40.
Qa6+ Kd7 41. Qxa7+ Ke6 42. Bxd4 Rxe7 43. Qc5 Rc7 44. Qxd6+ Kxd6 45. a3 Kd5 46.
Bb2 Ra7 47. Kh2 Kc4 48. h4 Kb3 49. Be5 Kxa3 50. h5 b4 51. g4 b3 52. Kh3 Re7 53.
Bf6 Re6 54. g5 Ka4 55. Bg7 Re1 56. h6 Rh1+ 57. Kg4 Kb5 58. Kf5 Kc4 59. Kg6 1-0

[Event "PRO League Group Stage"]
[Site "chess.com INT"]
[Date "2020.02.12"]
[Round "6"]
[White "Banusz, Tamas"]
[Black "Rodshtein, Maxim"]
[Result "0-1"]
[WhiteTitle "GM"]
[BlackTitle "GM"]
[WhiteElo "2620"]
[BlackElo "2628"]
[WhiteTeam "Hungary Hunters"]
[BlackTeam "Israel Counsellors"]
[WhiteFideId "722413"]
[BlackFideId "2806851"]
[EventDate "2020.01.06"]

1. d4 Nf6 2. Nf3 g6 3. g3 Bg7 4. Bg2 d5 5. c4 c6 6. O-O dxc4 7. a4 Ne4 8. Qc2
Nd6 9. e4 Na6 10. e5 Nf5 11. Rd1 Be6 12. g4 Nh6 13. h3 Nb4 14. Qe2 O-O 15. Bf4
Nd5 16. Bg3 Kh8 17. Ng5 Bc8 18. Qxc4 f6 19. exf6 exf6 20. Nf3 f5 21. g5 Nf7 22.
h4 Nd6 23. Qc1 f4 24. Bh2 Bg4 25. Nc3 Nf5 26. Nxd5 Bxf3 27. Nxf4 Nxh4 28. Rd3
Bxg2 29. Nxg2 Nf3+ 30. Kh1 Nxg5 31. f4 Ne4 32. Qg1 Qd5 33. Re1 Rae8 34. Qf1 Bxd4
35. Re2 c5 36. Rh3 Nd6 37. Rxe8 Rxe8 0-1

[Event "PRO League Group Stage"]
[Site "chess.com INT"]
[Date "2020.02.12"]
[Round "6"]
[White "Fridman, Daniel"]
[Black "Kozak, Adam"]
[Result "0-1"]
[WhiteTitle "GM"]
[BlackTitle "IM"]
[WhiteElo "2622"]
[BlackElo "2523"]
[WhiteTeam "Israel Counsellors"]
[BlackTeam "Hungary Hunters"]
[WhiteFideId "11600454"]
[BlackFideId "753246"]
[EventDate "2020.01.06"]

1. d4 Nf6 2. Nf3 e6 3. c4 d5 4. g3 Bb4+ 5. Nc3 O-O 6. Bg2 dxc4 7. O-O Nc6 8. Qa4
a5 9. a3 Ra6 10. Bg5 Bd7 11. Qc2 Be7 12. Rad1 Nd5 13. Bxe7 Ncxe7 14. Ne4 b5 15.
Nc5 Rb6 16. e4 Nf6 17. Ne5 Bc6 18. a4 Qa8 19. Ra1 Rd8 20. Rfd1 Be8 21. axb5 Bxb5
22. Qc3 a4 23. Nxc4 Bxc4 24. Qxc4 Rxb2 25. Nxa4 Rbb8 26. Qxc7 Rd7 27. Qc2 Ra7
28. Ra3 Rb4 29. Rda1 Rxd4 30. Qb3 h6 31. Nb6 Rxa3 32. Rxa3 Qc6 33. h3 Qc5 34.
Ra8+ Kh7 35. Na4 Qc1+ 36. Kh2 Ng6 37. Qb7 Rd7 38. Qb5 Rd2 39. Qb6 Qc2 40. Kg1
Rd1+ 41. Kh2 Rd2 42. Kg1 Nxe4 43. Qe3 Nxf2 44. Nc3 Nd1 45. Nxd1 Rxg2+ 46. Kf1
Rh2 47. Nf2 Qb1+ 48. Ke2 Qb5+ 49. Ke1 Qd5 50. Ra3 Ne5 51. Kf1 Nc4 52. Qd3+ Qxd3+
53. Rxd3 Ne5 54. Re3 Nc4 55. Rd3 f5 56. Kg1 Rxf2 57. Kxf2 Kg6 58. Rc3 Ne5 59.
Rc7 Kf6 60. Ke3 Nf7 61. Ra7 Ng5 62. h4 Nf7 63. Ra6 g5 64. hxg5+ hxg5 65. Kf2 Ne5
66. Ke2 Nd7 67. Kf2 Nc5 68. Rc6 Ne4+ 69. Kf3 g4+ 70. Kf4 Ng5 71. Ra6 Nh3+ 72.
Ke3 Ng5 73. Kf4 Ne4 74. Rb6 Nc5 75. Rc6 Ne4 76. Ra6 Nc3 77. Ke3 Ke5 78. Ra5+
Nd5+ 79. Kd3 Kf6 80. Kd4 Ne7 81. Ra6 Nd5 82. Ra5 Ne7 83. Ra6 Ng6 84. Ra5 Nh8 85.
Ra6 Nf7 86. Rb6 Ng5 87. Ke3 Ne4 88. Kf4 Nc3 0-1

[Event "PRO League Group Stage"]
[Site "chess.com INT"]
[Date "2020.02.12"]
[Round "6"]
[White "Postny, Evgeny"]
[Black "Mihok, Oliver"]
[Result "1-0"]
[WhiteTitle "GM"]
[BlackTitle "GM"]
[WhiteElo "2608"]
[BlackElo "2562"]
[WhiteTeam "Israel Counsellors"]
[BlackTeam "Hungary Hunters"]
[WhiteFideId "2804344"]
[BlackFideId "728012"]
[EventDate "2020.01.06"]

1. d4 Nf6 2. c4 g6 3. Nc3 Bg7 4. e4 d6 5. Nf3 Bg4 6. Be2 O-O 7. Be3 Nfd7 8. Ng1
Bxe2 9. Ngxe2 c5 10. d5 Na6 11. O-O Nc7 12. a4 a6 13. a5 Rb8 14. b3 b5 15. axb6
Rxb6 16. Ra3 Qb8 17. Qc2 Qa7 18. f4 Rfb8 19. h3 Qb7 20. Nc1 Qc8 21. Nd3 R6b7 22.
Kh2 Qf8 23. e5 Qc8 24. Ne4 f5 25. exd6 fxe4 26. dxc7 Qxc7 27. Nf2 Nf6 28. Nxe4
Nxe4 29. Qxe4 Rxb3 30. Rxa6 R8b6 31. Ra8+ Rb8 32. Rxb8+ Rxb8 33. Rb1 Rxb1 34.
Qxb1 Bd4 35. Qe4 Bxe3 36. Qxe3 Kf8 37. Qe5 Qa5 38. Qh8+ Kf7 39. Qxh7+ Kf6 40.
Qg8 Kf5 41. Qf7+ Ke4 42. Qxe7+ Kxf4 43. d6 Qd2 44. d7 Kf5 45. Qf8+ 1-0

[Event "PRO League Group Stage"]
[Site "chess.com INT"]
[Date "2020.02.12"]
[Round "6"]
[White "Plat, Vojtech"]
[Black "Maghsoodloo, Parham"]
[Result "0-1"]
[WhiteTitle "GM"]
[BlackTitle "GM"]
[WhiteElo "2589"]
[BlackElo "2674"]
[WhiteTeam "Croatia Bulldogs"]
[BlackTeam "Armenia Eagles"]
[WhiteFideId "325740"]
[BlackFideId "12539929"]
[EventDate "2020.01.06"]

1. e4 e5 2. Nf3 Nc6 3. Bb5 a6 4. Ba4 Nge7 5. c3 g6 6. O-O Bg7 7. d4 exd4 8. cxd4
b5 9. Bc2 d5 10. exd5 Nb4 11. d6 Qxd6 12. Be4 Nbd5 13. a4 Rb8 14. axb5 axb5 15.
Nc3 O-O 16. Re1 b4 17. Nxd5 Nxd5 18. Ne5 Be6 19. Bf3 b3 20. Bd2 Nb4 21. Bxb4
Rxb4 22. Nc6 Rb6 23. d5 Bd7 24. Qc1 h5 25. Re2 Kh7 26. h3 Bf5 27. Qc4 Bc2 28.
Be4 Bxb2 29. Rae1 Bxe4 30. Rxe4 Bf6 31. g4 b2 32. Rb1 hxg4 33. hxg4 Ra8 34. Kg2
Ra1 35. Ree1 Rxb1 36. Rxb1 Bg5 37. Qd4 Bf6 38. Qe4 Kg7 39. f4 Rb5 40. g5 Bc3 41.
Ne7 Kf8 42. Qd3 Qxe7 43. Qxc3 Qe4+ 44. Kg3 Qxb1 45. Qh8+ Ke7 46. Qf6+ Ke8 47.
Qc6+ Kf8 0-1

[Event "PRO League Group Stage"]
[Site "chess.com INT"]
[Date "2020.02.12"]
[Round "6"]
[White "Saric, Ante"]
[Black "Andriasian, Zaven"]
[Result "1/2-1/2"]
[WhiteTitle "GM"]
[BlackTitle "GM"]
[WhiteElo "2559"]
[BlackElo "2611"]
[WhiteTeam "Croatia Bulldogs"]
[BlackTeam "Armenia Eagles"]
[WhiteFideId "14506254"]
[BlackFideId "13302000"]
[EventDate "2020.01.06"]

1. Nf3 d5 2. d4 Nf6 3. c4 c6 4. cxd5 cxd5 5. Nc3 Nc6 6. Bf4 Bf5 7. e3 e6 8. Qb3
Bb4 9. Bb5 O-O 10. Bxc6 Bxc3+ 11. Qxc3 Rc8 12. Ne5 Ng4 13. Nxg4 Bxg4 14. Qb4
Rxc6 15. Qxb7 Qc8 16. Qxc8 Rfxc8 17. O-O Rc2 18. f3 Bf5 19. b3 f6 20. h4 h5 21.
Rf2 Rxf2 22. Kxf2 Rc2+ 23. Kg1 Rb2 24. Bd6 Bb1 25. Ba3 Rxa2 26. Rxa2 Bxa2 27.
Bc5 a5 28. Bb6 Bxb3 29. Bxa5 Kf7 30. Kf2 Bc4 1/2-1/2

[Event "PRO League Group Stage"]
[Site "chess.com INT"]
[Date "2020.02.12"]
[Round "6"]
[White "Martirosyan, Haik M."]
[Black "Le, Tuan Minh"]
[Result "1/2-1/2"]
[WhiteTitle "GM"]
[BlackTitle "IM"]
[WhiteElo "2613"]
[BlackElo "2501"]
[WhiteTeam "Armenia Eagles"]
[BlackTeam "Croatia Bulldogs"]
[WhiteFideId "13306553"]
[BlackFideId "12401153"]
[EventDate "2020.01.06"]

1. d4 d5 2. Nf3 Nf6 3. c4 c6 4. Nc3 a6 5. c5 Nbd7 6. Bf4 Nh5 7. e3 Nxf4 8. exf4
g6 9. Be2 Bg7 10. O-O O-O 11. b4 a5 12. a3 Qc7 13. Qd2 axb4 14. axb4 Rxa1 15.
Rxa1 Bh6 16. g3 e5 17. dxe5 Nxe5 18. Nd4 Nd7 19. Bf3 Re8 20. Ra8 Nf6 21. b5 Bf8
22. Na4 Ne4 23. Bxe4 dxe4 24. Qe3 cxb5 25. Nxb5 Qc6 26. Nd4 Qd5 27. c6 Qh5 28.
cxb7 Qd1+ 29. Kg2 Bh3+ 30. Kxh3 Qf1+ 31. Kg4 h5+ 32. Kg5 Be7+ 33. Kh6 Bf8+ 34.
Kg5 Be7+ 35. Kh6 Bf8+ 36. Kg5 1/2-1/2